Catálogo

Vista normal Vista MARC

Entrada Personal Name

Número de registros utilizados en: 2

001 - CONTROL NUMBER

  • control field: 7212

003 - CONTROL NUMBER IDENTIFIER

  • control field: DLC

005 - DATE AND TIME OF LATEST TRANSACTION

  • control field: 20260407090208.0

008 - FIXED-LENGTH DATA ELEMENTS

  • fixed length control field: 050114n| azannaabn |a aaa c

010 ## - LIBRARY OF CONGRESS CONTROL NUMBER

  • LC control number: 2005003940

035 ## - SYSTEM CONTROL NUMBER

  • System control number: (OCoLC)oca06535393

035 ## - SYSTEM CONTROL NUMBER

  • System control number: (CaEvSKY)skya7399382

040 ## - CATALOGING SOURCE

  • Original cataloging agency: MX-MxITA
  • Language of cataloging: spa
  • Description conventions: rda
  • Transcribing agency: Mx-PuUPA
  • Modifying agency: MX-MxCID
  • Modifying agency: Mx-PuUPA

100 1# - HEADING--PERSONAL NAME

  • Personal name: Pérez de los Reyes, Marco Antonio,

372 ## - FIELD OF ACTIVITY

  • Field of activity: Derecho
  • Source of term: lcsh

373 ## - ASSOCIATED GROUP

  • Associated group: Universidad Nacional Autónoma de México
  • Associated group: Universidad La Salle
  • Associated group: Universidad Anáhuac
  • Associated group: Universidad Iberoamericana (Ciudad de México, México)
  • Associated group: Universidad del Valle de México
  • Associated group: Instituto Tecnológico Autónomo de México
  • Source of term: naf

374 ## - OCCUPATION

  • Occupation: Profesor Universitario
  • Occupation: Autor
  • Source of term: lcsh

375 ## - GENDER

  • Gender: hombre

377 ## - ASSOCIATED LANGUAGE

  • Language code: spa

400 1# - SEE FROM TRACING--PERSONAL NAME

  • Personal name: De los Reyes, Marco Antonio Pérez

400 1# - SEE FROM TRACING--PERSONAL NAME

  • Personal name: Los Reyes, Marco Antonio Pérez de

400 1# - SEE FROM TRACING--PERSONAL NAME

  • Personal name: Reyes, Marco Antonio Pérez de los

670 ## - SOURCE DATA FOUND

  • Source citation: Biblioteca del Congreso (Estados Unidos), 11 mayo 2018 :
  • Information found: catálogo electrónico
  • Uniform Resource Identifier: https://goo.gl/fJgSD5

670 ## - SOURCE DATA FOUND

  • Source citation: Anuario mexicano de historia del derecho, v. VIII, c1996 :
  • Information found: p. 377 (Marco Antonio Pérez de los Reyes)

670 ## - SOURCE DATA FOUND

  • Source citation: Historia del derecho mexicano, 2008:
  • Information found: page 2 of cover (Marco Antonio Pérez de los Reyes. Egresado de la Facultad de Derecho de la Universidad Nacional Autónoma de México (UNAM), Licenciado, Maestría y Doctorado en Derecho. Catedrático desde 1974 en la Universidad La Salle, Anáhuac, Iberoamericana, del Valle de México y en el Instituto Tecnológico Autónomo de México)

678 ## - BIOGRAPHICAL OR HISTORICAL DATA

  • Biographical or historical data: Historia del derecho mexicano, 2003:
  • Expansion: portada (Marco Antonio Pérez de los Reyes)